| Tag |
First Indicator |
Second Indicator |
Subfields |
| LEADER |
00000cam a22000001i 4500 |
| 001 |
in00003528039 |
| 005 |
20150430124637.0 |
| 008 |
140915s2014 nyu b 001 0 eng |
| 010 |
|
|
|a 2014031951
|
| 035 |
|
|
|a (OCoLC)ocn890807867
|
| 040 |
|
|
|a DLC
|b eng
|e rda
|c DLC
|d YDXCP
|d OBE
|d OCLCF
|
| 020 |
|
|
|a 9780914386001
|
| 020 |
|
|
|a 091438600X
|
| 035 |
|
|
|a (OCoLC)890807867
|
| 041 |
1 |
|
|a eng
|h ger
|
| 042 |
|
|
|a pcc
|
| 043 |
|
|
|a e-gx---
|a a-ir---
|
| 050 |
0 |
0 |
|a DD120.I55
|b K8613 2014
|
| 082 |
0 |
0 |
|a 327.43055
|2 23
|
| 049 |
|
|
|a TXAM
|
| 100 |
1 |
|
|a Küntzel, Matthias.
|
| 240 |
1 |
0 |
|a Deutschen und der Iran.
|l English
|
| 245 |
1 |
0 |
|a Germany and Iran :
|b from the Aryan Axis to the nuclear threshold /
|c Matthias Kuntzel ; translated by Colin Meade.
|
| 264 |
|
1 |
|a Candor, NY :
|b Telos Press Publishing,
|c [2014]
|
| 300 |
|
|
|a xiii, 292 pages ;
|c 24 cm
|
| 336 |
|
|
|a text
|b txt
|2 rdacontent
|
| 337 |
|
|
|a unmediated
|b n
|2 rdamedia
|
| 338 |
|
|
|a volume
|b nc
|2 rdacarrier
|
| 500 |
|
|
|a Originally published in German as "Die Deutschen und der Iran : Geschichte und Gegenwart einer verhangnisvollen."
|
| 504 |
|
|
|a Includes bibliographical references (pages 273-285) and index.
|
| 505 |
0 |
|
|a Part I. Imperial Germany, the Nazis, and Iran -- The Persian corridor -- Persia, the Kaiser and Jihad -- Germany as the founder of Persian industry -- The Aryan myth and the Twelfth Imam -- Eichmann and the Iranian Jews -- Germany and Iran in the Second World War -- Part II. West Germany and the shah -- No May 8th in Tehran -- West Germany and Mohammed Reza -- Part III. Theory and practice of the Khomeinist Revolution -- The origins of Iranian Islamism -- Khomeini -- Holy war -- Children of the minefield -- Part IV. Germany and the Mullahs -- The beautiful Sadegh -- Genscher in Tehran -- From Salman Rushdie to Ayaan Hirsi Ali -- Mykonos: the moment of truth -- The German-American rift -- Khatami and the Berlin Conference -- Ahmadinejad: "We love the Germans" -- Chancellor Merkel: "Historical responsibility" -- Part V. Berlin and the Iranian nuclear question -- The Iranian bomb: a dream and a nightmare -- The "protective shield" -- Sanctions: "The west is divided" -- In the whirlwinds of history -- Epilogue: End of illusion.
|
| 651 |
|
0 |
|a Germany
|x Foreign relations
|z Iran.
|
| 651 |
|
0 |
|a Iran
|x Foreign relations
|z Germany.
|
| 650 |
|
7 |
|a Diplomatic relations.
|2 fast
|0 (OCoLC)fst01907412
|
| 651 |
|
7 |
|a Germany.
|2 fast
|0 (OCoLC)fst01210272
|
| 651 |
|
7 |
|a Iran.
|2 fast
|0 (OCoLC)fst01204889
|
| 700 |
1 |
|
|a Meade, Colin,
|e translator.
|
| 938 |
|
|
|a YBP Library Services
|b YANK
|n 12146117
|
| 947 |
|
|
|a A14842975162
|
| 945 |
|
|
|a PromptCat
|b 168500
|
| 946 |
|
|
|a stk
|
| 948 |
|
|
|a Cataloged
|b h
|c 2015/4/30 LDuncan 12:46:35 PM
|
| 994 |
|
|
|a 92
|b TXA
|
| 999 |
f |
f |
|s b85b52c3-5d5a-36d6-bc64-0cf496e474e8
|i 3b615641-563b-3300-9cea-ff90775b0e79
|t 0
|
| 952 |
f |
f |
|p normal
|a Texas A&M University
|b College Station
|c Sterling C. Evans Library
|d Evans: Library Stacks
|t 0
|e DD120.I55 K8613 2014
|h Library of Congress classification
|i unmediated -- volume
|m A14842975162
|
| 998 |
f |
f |
|a DD120.I55 K8613 2014
|t 0
|l Evans: Library Stacks
|